000 00458nam a2200205Ia 4500
001 12016
003 GE_BSU
008 181216s||||||||xx |||||||||||||| ||und||
020 _a9780273720652
040 _cGE_BSU
080 _a658.8
100 _aJobber,David
245 _aSelling and Sales Management
260 _aEngland
260 _c2009
300 _a546p.ill.25cm.
541 _h227Gel.
653 _aSelling and Sales Management
942 _cBK
999 _c45193
_d45193